000 00543nam a2200181 i 4500
001 81584
003 ES-MaACL
005 20230906174452.0
007 t|
008 041105s1918 sp ||||1| spa d
100 1 _aHuidobro de la Iglesia, Emilio.
_964673
245 1 3 _aEl problema submarino y el peligro de América /
_cEmilio Huidobro.
260 _aBarcelona :
_b[s.n.],
_c1918 (
_fImp. Moderna)
300 _a32 p. ;
_c21 cm.
502 _aTesis doctoral.
650 0 4 _aGuerra mundial, 1914-1918.
_913212
852 _aES-MaACL
_j1560-F-19
999 _c81584
_d81584